| 000 | 03802 ab a2200745 4500 | ||
|---|---|---|---|
| 003 | AR-RoUNA | ||
| 008 | 140529||||||||||||||||| |||| 0|||| d | ||
| 040 |
_aAR-RoUNA _bspa |
||
| 041 | _aspa | ||
| 110 | 2 |
_aColegio de Arquitectos de la provincia de Santa Fe. Distrito 2 _92611 |
|
| 245 |
_aO41. CABALLERO _n Nº 12 |
||
| 260 |
_bColegio de Arquitectos de La Provincia de Santa Fe, _c1999 _a: |
||
| 300 |
_a120 p. : _bil. _bplantas _bplanos _c30x21 cm |
||
| 505 | 0 | _tSUMARIO | |
| 505 | 0 | _tNicolás Campodonico / Editorial. p. 3 | |
| 505 | 0 | _tFabián Llonch / Gerardo buscador del alma. p. 5 | |
| 505 | 0 | _tMarco Rampulla / La Pirca. p. 7 | |
| 505 | 0 | _tAriel Giménez Rita / Gerardo Caballero y su arquitectura. Recuerdos y Refelexiones. p. 9 | |
| 505 | 0 | _t13 OBRAS DESARROLLADAS | |
| 505 | 0 | _a1- Quincho Puricelli, Funes, Provincia de Santa Fe, 1991. p. 10 | |
| 505 | 0 | _a2- Plaza Santa Cruz, Rosario, Santa Fe, 1989. p. 16 | |
| 505 | 0 | _a3- Vivienda en Pasaje Marcos Paz, Santa Fe, 1993. p. 20 | |
| 505 | 0 | _a4- Biblioteca y Videoteca Parque de España, Rosario, Santa Fe, 1995. p. 24 | |
| 505 | 0 | _a5- Edificio Brown, Rosario, Santa Fe, 2005. p. 30 | |
| 505 | 0 | _a6- Concesionaria Agrícola, Santa Fe, 2007. p. 40 | |
| 505 | 0 | _a7- Showroom de bicicletas, Rosario, Santa Fe, 2010. p. 48 | |
| 505 | 0 | _a8- Escuela de Ingeniería civiñ, Rosario, Santa Fe, 1999. p. 54 | |
| 505 | 0 | _a9- Refuncionalización Ex Mercado Municipal, Rafaela, Santa Fe, 2014. p. 64 | |
| 505 | 0 | _a10- Estudio Frittegotto, Casilda, Santa Fe, 2014. p. 72 | |
| 505 | 0 | _tCarla Berrini / Dibujar, Construir y Pensar. p. 100 | |
| 505 | 0 | _tUQBAR / Narraciones de ciudad. p. 104 | |
| 505 | 0 | _tJavier Mendiondo / Otro viaje al revés. p. 107 | |
| 505 | 0 | _tEnric Massip-Bosch / Gerardo Caballero: arquitectura en unas tres palabras. p. 110 | |
| 505 | 0 | _tSumario 20 obras y proyectos. p. 116 | |
| 505 | 0 | _aCasa Barbero, Totoras, Santa Fe, 1983. p. 118 | |
| 505 | 0 | _aEscuela Primaria y Jardín de Infantes, Paraná, Entre Ríos, 1988. p. 118 | |
| 505 | 0 | _aBiblioteca Matesson, Illinois, USA, 1989. p.119 | |
| 505 | 0 | _aRenovación Locales Kaplan, Rosario, Santa Fe, 1991. p. 119 | |
| 505 | 0 | _aMuseo Constantini (MALBA), Buenos Aires, 1997. p. 120 | |
| 505 | 0 | _aCosta Alta y Paseo del Caminante, Rio Paraná, Rosario, 1997. p. 120 | |
| 505 | 0 | _aVinculación Peatonal del Área Cultural Recoleta, Buenos Aires, 1999. p. 121 | |
| 505 | 0 | _aRemodelación Edificio EPE, Rosario, Santa Fe, 1999. p. 121 | |
| 505 | 0 | _aCasa Frittegotto, Arequito, Santa Fe, 2003. p. 122 | |
| 505 | 0 | _aReforma Esquina Imsand, Totoras, Santa Fe, 2003. p. 122 | |
| 505 | 0 | _aCasa en Puerto Roldán, Santa Fe, 2006. p. 123 | |
| 505 | 0 | _aDesarrollo Urbano en Puerto Norte, Rosario, Santa Fe, 2008. p. 123 | |
| 505 | 0 | _aEdificio Güemes, Rosario, Santa Fe, 2009. p. 124 | |
| 505 | 0 | _aEscuela Especial 2121, Arequito, Santa Fe, 2011. p. 124 | |
| 505 | 0 | _aCasa Miraflores, Funes, Santa Fe, 2011. p. 125 | |
| 505 | 0 | _aFábrica Premecol, San Lorenzo, Santa Fe, 2012. p. 125 | |
| 505 | 0 | _aCasa Procrear, Roldán, Santa Fe, 2014. p. 126 | |
| 505 | 0 | _aEdificio Universidad Di Tella, Buenos Aires, 2016. p. 126 | |
| 505 | 0 | _aSan Nicolás de Cara al Río, Buenos Aires, 2018. p. 127 | |
| 505 | 0 | _aPabellón Argentino - La Casa infinita, La Biennale di Venezia, Italia, 2019. p. 127 | |
| 600 | 0 |
_91857 _aCaballero, Gerardo. |
|
| 600 | 0 |
_921051 _aBerrini, Maria Carla. |
|
| 651 | 0 |
_aRosario (Santa Fe, Argentina) _91246 |
|
| 773 | 0 |
_a[041] Revista de arquitectura y urbanismo _dRosario (Santa Fe) _gnº 12 (2020) |
|
| 856 | _uhttps://issuu.com/af-estudio/docs/041_2 | ||
| 908 | _aImp | ||
| 930 |
_c2 _e6473 |
||
| 942 |
_2udc _cART |
||
| 945 |
_aMBP _d2022-11-03 |
||
| 980 |
_6138 _aCarolina Rainero _8 _gCRON CRON |
||
| 999 |
_c12379 _d12379 |
||